|
|
|
|
| LEADER |
00820cam a2200205 7i4500 |
| 001 |
0000025111 |
| 005 |
20101115090000.0 |
| 022 |
0 |
0 |
|a 1675-302X
|
| 090 |
0 |
0 |
|a M 381.1025
|b MAL
|
| 245 |
0 |
0 |
|a Malaysia convention & exhibition directory 2010/ 2011.
|
| 260 |
0 |
0 |
|a Shah Alam:
|b Marshall Cavendish,
|c 2010.
|
| 300 |
# |
# |
|a 412 p.
|
| 650 |
0 |
0 |
|a Exhibitions --
|x Directories --
|z Malaysia
|
| 650 |
0 |
0 |
|a Conventions --
|x Directories --
|z Malaysia
|
| 651 |
0 |
0 |
|a Malaysia
|
| 999 |
|
|
|a JHR000240H
|b Directories
|c Malaysia
|e MATRADE Southern Regional Office
|
| 999 |
|
|
|a PNG000947H
|b Directories
|c Malaysia
|e Business Information Centre
|
| 999 |
|
|
|a SRW000344H
|b Directories
|c Malaysia
|e Business Information Centre
|
| 999 |
|
|
|a TRG000229H
|b Directories
|c Malaysia
|e Business Information Centre
|
| 999 |
|
|
|a SBH000917H
|b Directories
|c Malaysia
|e MATRADE Sabah
|